Normal view MARC view
  • López González Pacheco, Agustín

Entry Nombre Personal

Number of records used in: 1

001 - NUMERO DE CONTROL

  • campo de control: 49954

003 - IDENTIFICADOR DE NUMERO DE CONTROL

  • campo de control: MX-MxUPN

005 - FECHA Y HORA DE LA ÜLTIMA TRANSACCIÓN

  • campo de control: 20230912154226.0

008 - DATOS DE LONGITUD FIJA

  • campo de control de longitud fija: 230912nn acznnaabn a ana d

040 ## - FUENTE DE CATALOGACIÓN

  • Agencia original de catalogación: MX-MxUPN

100 1# - ENCABEZAMIENTO - NOMBRE PERSONAL

  • Nombre personal: López González Pacheco, Agustín

400 1# - VEÁSE - NOMBRE DE PERSONA

  • Personal name: González Pacheco, Agustín López

400 1# - VEÁSE - NOMBRE DE PERSONA

  • Personal name: Pacheco, Agustín López González

670 ## - FUENTE EN LA QUE SE LOCALIZARON DATOS

  • Cita de la fuente: Catálogo Nautilo BNM, 12 septiembre 2023 :
  • Información localizada: Civismo (López González Pacheco, Agustín ; Civismo : tercero de secundaria / Por [Agustín] López [González Pacheco y José] González [Villaseñor])
  • Uniform Resource Identifier: https://catalogo.iib.unam.mx/

902 ## - CATALOGADOR

  • Catalogador: VíctorGodínez/120923